000 00695nam a22001577a 4500
003 OSt
005 20160831161521.0
008 160831b xxu||||| |||| 00| 0 eng d
040 _cRUA
082 _aAGE SUN 2014 B515 Or.
100 _99743
_aSUN SUNTHEARA; ស៊ុន សុគន្ធារ៉ា
245 _aFarmer's knowledge on agricultural machineries usage at kampong cham province; កម្រិតយល់ដឹងរបស់កិសករទៅល់ការប្រើប្រាស់គ្រឿងយន្តកសិកម្ម នៅខេត្តកំពង់ចាម
260 _aRUA
_bPhnom Penh
_c2014
300 _ax; 47p.
_bill.
_c29cm.
942 _2ddc
_cAGE
999 _c9384
_d9384